| 000 | 00712nam a2200205 4500 | ||
|---|---|---|---|
| 001 | 126334 | ||
| 003 | ES-MaACL | ||
| 005 | 20250703063110.0 | ||
| 007 | t| | ||
| 008 | 070214s1983 sp r ||||1| spa d | ||
| 100 | 1 |
_aRenan, Ernest, _d1823-1892 _996168 |
|
| 245 | 1 | 1 |
_a¿Qué es una nación? / _cErnesto Renán ; traducción y estudio preliminar de Rodrigo Fernández-Carvajal. |
| 250 | _a2ª ed. | ||
| 260 |
_aMadrid : _bCentro de Estudios Constitucionales, _c1983. |
||
| 300 |
_aLXIV, 41 p. ; _c20 cm. |
||
| 700 | 0 |
_aFernández-Carvajal, Rodrigo. _949557 |
|
| 700 | 2 |
_aCentro de Estudios Constitucionales (España) _9219249 |
|
| 852 |
_aES-MaACL _jL-11935 _bR.113853 |
||
| 999 |
_c126334 _d126334 |
||